Normal view MARC view
  • Comité Regional Intergubernamental del Proyecto Principal en la esfera de la educación en América Latina y El Caribe

Entry Nombre de Reunión

Number of records used in: 2

001 - NÚMERO DE CONTROL

  • campo de control: 57342

003 - IDENTIFICADOR DE NÚMERO DE CONTROL

  • campo de control: UPN

005 - FECHA Y HORA DE LA ÚLTIMA TRANSACCIÓN

  • campo de control: 20250930125855.0

008 - DATOS DE LONGITUD FIJA

  • campo de control de longitud fija: 250813na acannaabn ib a|a d

040 ## - FUENTE DE CATALOGACIÓN

  • Agencia original de catalogación: MX-MxUPN

111 ## - ENCABEZAMIENTO - NOMBRE DE REUNIÓN

  • Nombre de reunión o de jurisdicción: Comité Regional Intergubernamental del Proyecto Principal en la esfera de la educación en América Latina y El Caribe
  • Número de la parte, sección o reunión: (7a.:
  • Fecha de la reunión : 2000:
  • Lugar de la reunión: Cochabamba, Bolivia)

902 ## - CATALOGADOR

  • Catalogador: Maiella Martínez